| 000 | 01707nam a2200361 a 4500 | ||
|---|---|---|---|
| 001 | ebr10470174 | ||
| 003 | CaPaEBR | ||
| 006 | m u | ||
| 007 | cr cn||||||||| | ||
| 008 | 110125s2011 cau sb 001 0 eng d | ||
| 010 | _z 2011003618 | ||
| 020 | _z9780804772204 (cloth : alk. paper) | ||
| 020 | _z9780804777506 (e-book) | ||
| 040 |
_aCaPaEBR _cCaPaEBR |
||
| 035 | _a(OCoLC)727950124 | ||
| 043 | _aa-ts--- | ||
| 050 | 1 | 4 |
_aHD8666.Z8 _bD836 2011eb |
| 082 | 0 | 4 |
_a331.6/2095357 _222 |
| 100 | 1 |
_aMahdavi, Pardis, _d1978- |
|
| 245 | 1 | 0 |
_aGridlock _h[electronic resource] : _blabor, migration, and human trafficking in Dubai / _cPardis Mahdavi. |
| 260 |
_aStanford, Calif. : _bStanford University Press, _c2011. |
||
| 300 | _a251 p. | ||
| 504 | _aIncludes bibliographical references and index. | ||
| 505 | 0 | _aTrafficking trafficking -- Dubai Inc. -- Sex work -- Migration in context -- Labor outside law -- An (un)civil society -- Building towers, building structures -- Building castles in the sand. | |
| 533 |
_aElectronic reproduction. _bPalo Alto, Calif. : _cebrary, _d2011. _nAvailable via World Wide Web. _nAccess may be limited to ebrary affiliated libraries. |
||
| 650 | 0 |
_aForeign workers _zUnited Arab Emirates _zDubayy (Emirate) |
|
| 650 | 0 |
_aForced labor _zUnited Arab Emirates _zDubayy (Emirate) |
|
| 650 | 0 |
_aHuman trafficking _zUnited Arab Emirates _zDubayy (Emirate) |
|
| 651 | 0 |
_aDubayy (United Arab Emirates : Emirate) _xEmigration and immigration _xEconomic aspects. |
|
| 655 | 7 |
_aElectronic books. _2local |
|
| 710 | 2 | _aebrary, Inc. | |
| 856 | 4 | 0 |
_uhttp://site.ebrary.com/lib/rucke/Doc?id=10470174 _zAn electronic book accessible through the World Wide Web; click to view |
| 999 |
_c114271 _d114271 |
||